00000000cam 2200000zi 4500
0019.957953
003CaOODSP
00520260605133000
006m     o  d f      
007cr bn|||||||||
008251203t20252025onc     o    f000 0 fre d
020 |a9780660975627
040 |aCaOODSP|bfre|erda|cCaOODSP
043 |an-cn---
0861 |aBT42-611/2026F-PDF
24500|aConvention entre le Conseil du Trésor et le Conseil des métiers et du travail du chantier maritime du gouvernement fédéral (est) : |b(tous les employés).
264 1|aOttawa ON : |bSecrétariat du Conseil du trésor du Canada = Treasury Board of Canada Secretariat, |c[2025]
264 4|c©2025
300 |a1 ressource en ligne (141 pages)
336 |atexte|btxt|2rdacontent/fre
337 |ainformatique|bc|2rdamedia/fre
338 |aressource en ligne|bcr|2rdacarrier/fre
500 |aPublié aussi en anglais sous le titre : Agreement between the Treasury Board and the Federal Government Dockyard Trades and Labour Council (east) : (all employees).
500 |aTitre de la couverture.
500 |aEn tête du titre : Réparation des navires - Est (SRE).
500 |a« Code : 611. »
500 |a« Date d’expiration : le 31 décembre 2026. »
500 |a« Publié : le 2025-11-24. »
650 6|aConventions collectives|xFonctionnaires|zCanada.
7101 |aCanada. |bConseil du trésor, |eorganisme de publication.
77508|tAgreement between the Treasury Board and the Federal Government Dockyard Trades and Labour Council (east) : |w(CaOODSP)9.957952
795 |tConvention entre le Conseil du Trésor et Conseil des métiers et du travail du chantier maritime du gouvernement fédéral (est) : |b2019|w(CaOODSP)9.881486
85640|qPDF|s1.30 Mo|uhttps://publications.gc.ca/collections/collection_2026/sct-tbs/BT42-611-2026-fra.pdf
8564 |qHTML|sS.O.|uhttps://www.canada.ca/fr/secretariat-conseil-tresor/sujets/remuneration/conventions-collectives/sre.html